000 03631cam a22012494i 4500
003 PE-LiUPU
005 20250813185623.0
008 150706s2012 pe a r 000 0 spa d
020 _a9786124157066
035 _a(Sirsi) i9786124157066
040 _aPE-LiUPU
_bspa
_cPE-LiUPU
_erda
049 _aPRUA
082 0 4 _a348.622
_bC29
_221
100 1 _aCastillo Guzmán, Jorge Eduardo,
_eautor.
245 1 3 _aLa compensación por tiempo de servicios :
_bestudio teórico y práctico actualizado /
_cJorge Eduardo Castillo Guzmán, Renán Pavel Flores Buendía y Fiorella Alessandra Demartine Rivera.
250 _a2a ed.
264 1 _aLima :
_b: ECB Ediciones ,
_c2012.
300 _a292 páginas :
_bilustraciones ;
_c24 centímetros
336 _atext
_2rdacontent
337 _aunmediated
_2rdamedia
338 _avolume
_2rdacarrier
505 0 _aEstudios concordados -- Aspectos generales de la compensación por tiempo de servicios -- Depósitos de la compensación por tiempo de servicios -- Depósito de la CTS generada a partir del 01 de enero de 1991 -- Cálculo y depósito de la CTS acumulada al 31 de diciembre de 1990 -- Aplicación práctica -- Interese por incumplimiento y tablas -- Planilla electrónica y CTS provisiones y registros contables. -Casos prácticos -- Modelo y formato -- Consultas y preguntas frecuentes -- Normativa aplicable.
526 _aP202
526 _aP201
526 _aP163
526 _aP162
526 _aP161
526 _aP160
526 _aP148
526 _aP147
526 _aP146
526 _aP145
526 _aP144
526 _aP143
526 _aP142
526 _aP141
526 _aP140
526 _aP139
526 _aP138
526 _aP137
526 _aP136
526 _aP135
526 _aP134
526 _aP133
526 _aP129
526 _aP128
526 _aP127
526 _aP120
526 _aP119
526 _aP118
526 _aP116
526 _aP115
526 _aP114
526 _aP110
526 _aP109
526 _aP108
526 _aP104
526 _aP103
526 _aP102
526 _aP99
526 _aP98
526 _aP97
526 _aP96
526 _aP95
526 _aP93
526 _aP90
526 _aP89
526 _aP88
526 _aP83
526 _aP82
526 _aP62
526 _aP59
526 _aP58
526 _aP57
526 _aP51
526 _aP49
526 _aP48
526 _aP47
526 _aP29
526 _aP24
526 _aP20
526 _aP19
526 _aP17
526 _aP15
526 _aP14
526 _aP12
526 _aP10
526 _aP09
526 _aP08
526 _aP07
526 _aP06
526 _aP05
526 _aP04
526 _aP01
541 _g001-0037422;
650 0 4 _aCompensación por tiempo de servicios (CTS)
_zPerú.
650 0 4 _aDerecho de trabajo.
650 0 4 _aCompensaciones a los trabajadores.
700 1 _aFlores Buendía, Renán Pavel,
_eautor.
700 1 _aDemartini Rivera, Fiorella Alessandra,
_ecoaur.
910 _agl
_cng
_d20130703
942 _2ddc
_cBOOK
949 _a348.622 C29
_wDEWEY
_c1
_i67864
_lCCODEBUL1
_mBUL
_p28.00
_r0
_sY
_tBOOK
_u2015-7-6
_xFCE
_PP08
_o.STAFF. Colección General
994 _aC0
_bPEPRU
596 _a1
999 _a348.622 C29
_wDEWEY
_c55379
_i67864
_f2021-11-5
_g6
_lCCODEBUL1
_mBUL
_p28.00
_r0
_sY
_tBOOK
_u2015-7-6
_xFCE
_PP08
_0COMPRA
_o.STAFF. Colección General
_d55379
980 _81
_gALBERTO SANCHEZ Responsable de Automatización